• 首页
  • 本馆介绍
  • 公告通知
  • 最新文献
  • 馆藏检索
  • 电子资源
  • 读者导购
  • 参考咨询
  • 我的图书馆
  • 登录
  • 详细信息显示
  • 放入我的书架
  • 预约/预借图书
  • 作者相关作品
  • 分类相关作品
  • 丛书相关作品
  • 出版社相关作品

书目信息

  • 表格格式
  • 工作单格式
  • 卡片格式
题名:
摄影必修课
    
 
作者: 钟山 , 李敏 著
分册: 上  
出版信息: 北京   化学工业出版社  2018
页数: 226页
开本: 26cm
丛书名:
单 册:
中图分类: J406
科图分类:
主题词: 摄影构图--she ying gou tu--基本知识
电子资源:
ISBN: 978-7-122-32534-1
000 02068nam0 2200277 450
001 1966105432
005 20181115165937.3
010    @a978-7-122-32534-1@dCNY 99.00
010    @a978-7-122-32542-6@b下@dCNY99.00
099    @aCAL 012018176843
100    @a20181113d2018 ekmy0chiy50 ea
101 0  @achi
102    @aCN@b110000
105    @aa z 000yy
200 1  @a摄影必修课@Ashe ying bi xiu ke@e构图为上@h上@f钟山, 李敏著
210    @a北京@c化学工业出版社@d2018
215    @a226页@c图@d26cm
330    @a本书上册,主要从四个方面系统阐述了构图的基础知识:首先是构图的概念,需要强调的是,构图是一个包括构思、组织、布局画面的整体过程,要与具体的构图形式区别开来;二是构图在表达主题、凸显主体中的作用,以及针对不同的拍摄内容,如何做才会更有效的问题;三是讲述了点、线、形状、色彩、质感这5种构图元素各自的特性,重点放在如何运用其特性进行构图和表现主题上;四是空间构图的规律,其中不仅对远景、全景、中景、近景、特写五种景别进行了翔实阐述,还对前景、背景、光影、画幅等空间构图影响因素进行了细致讲解。而构图有法而无定法的特点,不仅在上册中被重点强调,在下册的摄影作品解读中也会经常提及,目的是让读者真正理解这一特点,并懂得在实际构图中灵活运用。 下册,重点是结合上册讲解的基础知识,通过对照片进行详细解读,帮助读者理解各种构图元素在拍摄中的实际运用。例如,如何寻找并抓取画面中大的动势,并让结构性线条成为画面构图的主动脉,顺势构图,这其中有时还会运用其他构图技巧。通过构图彰显主题是其不变的使命,这方面的内容在下册中有更为详细、深入的阐述。虽然摄影构图能力的培养和提升是一个长期的过程,涉及的知识范围也不仅仅是摄影一个方面,但本书也给出了相应的解决办法。在本书的最后一章,作者对7类拍摄题材的优秀摄影作品进行了全面、详细的分析、解读,凡是涉及影响构图的因素,在解读中都会一一指出,阐明相互的关系以及这样布局画面的好处,并从整体上对画面的视觉效果、主题表达进行综合性的品评。
333    @a摄影爱好者。也可作为摄影培训机构教材。
517 1  @a构图为上@Agou tu wei shang
606 0  @a摄影构图@Ashe ying gou tu@x基本知识
690    @aJ406@v5
701  0 @a钟山@Azhong shan@4著
701  0 @a李敏@Ali min@4著
801  0 @aCN@bNJU@c20181114
905    @aBZT@dJ406@e34-1
    
    摄影必修课:构图为上.上/钟山, 李敏著.-北京:化学工业出版社,2018
    226页:图;26cm
    使用对象:摄影爱好者。也可作为摄影培训机构教材。
    
    ISBN 978-7-122-32534-1:CNY 99.00
    本书上册,主要从四个方面系统阐述了构图的基础知识:首先是构图的概念,需要强调的是,构图是一个包括构思、组织、布局画面的整体过程,要与具体的构图形式区别开来;二是构图在表达主题、凸显主体中的作用,以及针对不同的拍摄内容,如何做才会更有效的问题;三是讲述了点、线、形状、色彩、质感这5种构图元素各自的特性,重点放在如何运用其特性进行构图和表现主题上;四是空间构图的规律,其中不仅对远景、全景、中景、近景、特写五种景别进行了翔实阐述,还对前景、背景、光影、画幅等空间构图影响因素进行了细致讲解。而构图有法而无定法的特点,不仅在上册中被重点强调,在下册的摄影作品解读中也会经常提及,目的是让读者真正理解这一特点,并懂得在实际构图中灵活运用。 下册,重点是结合上册讲解的基础知识,通过对照片进行详细解读,帮助读者理解各种构图元素在拍摄中的实际运用。例如,如何寻找并抓取画面中大的动势,并让结构性线条成为画面构图的主动脉,顺势构图,这其中有时还会运用其他构图技巧。通过构图彰显主题是其不变的使命,这方面的内容在下册中有更为详细、深入的阐述。虽然摄影构图能力的培养和提升是一个长期的过程,涉及的知识范围也不仅仅是摄影一个方面,但本书也给出了相应的解决办法。在本书的最后一章,作者对7类拍摄题材的优秀摄影作品进行了全面、详细的分析、解读,凡是涉及影响构图的因素,在解读中都会一一指出,阐明相互的关系以及这样布局画面的好处,并从整体上对画面的视觉效果、主题表达进行综合性的品评。
●
相关链接 在五车中查询图书 在当当中查询图书 在豆瓣中查询图书


正题名:摄影必修课     索取号:J406/34-1         预约/预借

序号 登录号 条形码 馆藏地/架位号 状态 备注
1 865603   2000865603   第二书库/ [索取号:J406/34-1] 已借出,限还日期为2024.12.18
借出人:巩子豪  
 
2 865604   2000865604   第二书库/ [索取号:J406/34-1] 在馆    
3 865605   2000865605   第二书库/ [索取号:J406/34-1] 在馆    
山东省滨州职业学院图书馆 欢迎您!
大连网信软件有限公司© 版权所有